| 000 | 00862cam a22002411ia4500 | ||
|---|---|---|---|
| 003 | SA-RiAUC | ||
| 005 | 20250205084931.0 | ||
| 008 | 250130s2004 ua g 00010 ara c | ||
| 020 | _a9773000559 | ||
| 040 |
_aSA-MaHRM _bara _cSA-RiAUC _erda |
||
| 082 | 0 | 4 |
_a259 _qSA-RiAUC |
| 090 |
_a 259 _bج ا د |
||
| 100 | 1 |
_aجاد الحق، جاد الحق علي، _d1917-1996 _eمؤلف. |
|
| 245 | 1 | 0 |
_aبحوث وفتاوى إسلامية في قضايا معاصرة / _cجاد الحق علي جاد الحق. |
| 264 | 1 |
_aالقاهرة : _bدار الحديث، _c2004 |
|
| 300 |
_a4 مجلد ؛ _c24 سم |
||
| 336 |
_aنص _btxt _2rdacontent _3كتاب |
||
| 337 |
_aبدون وسيط _bn _2rdamedia |
||
| 338 |
_aمجلد _bnc _2rdacarrier |
||
| 650 | 7 |
_aالفقه الإسلامي _2aucsh |
|
| 942 |
_2ddc _cBOOK _n0 |
||
| 949 |
_aSA-JeALM _d250130 _uosman123 _n1 |
||
| 999 |
_c5643 _d5643 |
||